Polarized Light (Record no. 4247)
[ view plain ]
| 000 -LEADER | |
|---|---|
| fixed length control field | 00560nam a2200193Ia 4500 |
| 003 - CONTROL NUMBER IDENTIFIER | |
| control field | IN-BaIIA |
| 008 - FIXED-LENGTH DATA ELEMENTS--GENERAL INFORMATION | |
| fixed length control field | 211028s9999 xx 000 0 eng d |
| 040 ## - CATALOGING SOURCE | |
| Transcribing agency | IIA Library |
| 080 ## - UNIVERSAL DECIMAL CLASSIFICATION NUMBER | |
| Universal Decimal Classification number | 535.3 |
| Item number | SHU |
| 100 ## - MAIN ENTRY--PERSONAL NAME | |
| Personal name | Shurcliff, William A |
| 9 (RLIN) | 4106 |
| 245 #0 - TITLE STATEMENT | |
| Title | Polarized Light |
| Statement of responsibility, etc. | William A. Schurcliff and Stanley S. Ballard |
| 260 ## - PUBLICATION, DISTRIBUTION, ETC. | |
| Place of publication, distribution, etc. | Princeton, N. J. |
| Name of publisher, distributor, etc. | D. Van Nostrand |
| Date of publication, distribution, etc. | 1964 |
| 300 ## - PHYSICAL DESCRIPTION | |
| Extent | 144p. |
| 490 ## - SERIES STATEMENT | |
| Series statement | Van Nostrand momemtum books; no. 7 |
| 650 ## - SUBJECT ADDED ENTRY--TOPICAL TERM | |
| Topical term or geographic name entry element | Polarization |
| 9 (RLIN) | 5652 |
| 650 ## - SUBJECT ADDED ENTRY--TOPICAL TERM | |
| Topical term or geographic name entry element | Polarized Light |
| 9 (RLIN) | 4107 |
| 700 ## - ADDED ENTRY--PERSONAL NAME | |
| Personal name | Ballard, S.S. |
| 9 (RLIN) | 7470 |
| 942 ## - ADDED ENTRY ELEMENTS (KOHA) | |
| Koha item type | Books |
| Withdrawn status | Lost status | Damaged status | Not for loan | Home library | Current library | Shelving location | Date acquired | Cost, normal purchase price | Total Checkouts | Full call number | Barcode | Date last seen | Cost, replacement price | Price effective from | Koha item type | Purchase Price |
|---|---|---|---|---|---|---|---|---|---|---|---|---|---|---|---|---|
| IIA Library-Bangalore | IIA Library-Bangalore | General Stacks | 20/07/1973 | 3.77 | 535.3/ SHU | 4742 | 05/11/2021 | 3.77 | 20/07/1973 | Books | Rs. 3.77 |